000 00657nam a2200265Ia 4500
005 20260121165305.0
008 008 260114s9999 xx 000 0 eng d
020 _a9783662486429
037 _aEBOOK
040 _aCRL
040 _beng
040 _cCRL
041 _2eng
041 _aeng
084 _qCRL
100 _aMartha A. Gephart, Victoria J. Marsick
_91049863
245 0 _aStrategic Organizational Learning
260 _bSpringer
260 _bSpringer
260 _c2016
856 _uhttps://link.springer.com/openurl?genre=book&isbn=978-3-662-48642-9
942 _cEBOOK
999 _c1615588
_d1615588